000 00707cab a2200229 4500
001 ABS53157
008 090401t1995 xxu||||| |||| 00| 0 eng d
035 _a(Sirsi) u2437
041 _aeng
100 _aEvans, B.
245 _aFocus for construction research
260 _c1995
350 _a0
490 _aArchitects` Journal
_v201(26) 29 June 1995, 45(1)
520 _aProvides the background to launch of CRISP, the Construction Research and Innovation Strategy Panel, and details of its aims.
650 _aCONSTRUCTION INDUSTRY
650 _aCONSTRUCTION RESEARCH AND INNOVATION STRATEGY PANEL
650 _aRESEARCH
690 _aBUILT ENVIRONMENT
942 _n0
948 _c04/03/1997
999 _c1471
_d1471